[Event "BRA-ch U2000 Amateurs"]
[Site "Sao Paulo"]
[Date "2022.06.18"]
[Round "5"]
[White "Da Silva, Fabio Lima"]
[Black "Santos, Renan de Souza"]
[Result "0-1"]
[WhiteElo "1832"]
[BlackElo "1617"]
[PlyCount "124"]
[EventDate "2022.06.16"]
[EventType "swiss"]
[EventRounds "7"]
[EventCountry "BRA"]
[SourceTitle "CBM 208 Extra"]
[Source "ChessBase"]
[SourceDate "2022.07.31"]
[SourceVersion "1"]
[SourceVersionDate "2022.07.31"]
[SourceQuality "1"]

1. d4 g6 2. Nf3 Bg7 3. Bf4 d6 4. e3 a6 5. Bd3 Nd7 6. Nbd2 c5 7. c3 Ngf6 8. 0-0 0-0 9. h3 b5 10. Rc1 c4 11. Bb1 Bb7 12. a4 Nb6 13. axb5 axb5 14. b3 Qd7 15. Qc2 Rfc8 16. e4 Nh5 17. Bh2 Bh6 18. Rce1 Nf4 19. Qb2 b4 20. Bxf4 bxc3 21. Qxc3 Bxf4 22. bxc4 Ba6 23. Bd3 Qc7 24. Rc1 Bb5 25. Rc2 Bd7 26. c5 Na4 27. Qb3 dxc5 28. d5 Rcb8 29. Qa3 e6 30. Bc4 Nb6 31. Qd3 Nxc4 32. Nxc4 exd5 33. exd5 Bf5 34. Qc3 Bxc2 35. Qxc2 Rb4 36. Qe4 Raa4 37. Qe8+ Kg7 38. Nce5 Ra6 39. Nd7 Qd6 40. Re1 Rb8 41. Qxb8 Qxb8 42. Nxb8 Bxb8 43. g3 Ra3 44. Kg2 Rd3 45. Re8 Bd6 46. Rd8 Rxd5 47. Rd7 Kf6 48. h4 h6 49. Ne1 c4 50. Nc2 Ke6 51. Rd8 Bc5 52. Re8+ Kd7 53. Re2 c3 54. Na1 Rd2 55. Kf1 Rb2 56. Nc2 Rb1+ 57. Kg2 Kd6 58. Kf3 Rd1 59. Ne3 Bxe3 60. Kxe3 Kc5 61. Rc2 Kc4 62. Ke2 Rb1 0-1

[Event "BRA-ch U2000 Amateurs"]
[Site "Sao Paulo"]
[Date "2022.06.16"]
[Round "2"]
[White "Araujo, Jacques"]
[Black "Santos, Renan de Souza"]
[Result "0-1"]
[WhiteElo "1775"]
[BlackElo "1617"]
[PlyCount "112"]
[EventDate "2022.06.16"]
[EventType "swiss"]
[EventRounds "7"]
[EventCountry "BRA"]
[SourceTitle "CBM 208 Extra"]
[Source "ChessBase"]
[SourceDate "2022.07.31"]
[SourceVersion "1"]
[SourceVersionDate "2022.07.31"]
[SourceQuality "1"]

1. d4 g6 2. Bf4 Bg7 3. e3 d6 4. Nf3 Nd7 5. h3 a6 6. Be2 Ngf6 7. 0-0 0-0 8. c4 c5 9. Nc3 cxd4 10. exd4 Re8 11. Rc1 b6 12. Bh2 Bb7 13. b4 Bh6 14. Rc2 Rc8 15. a4 Bxf3 16. Bxf3 Rxc4 17. Be2 Rxb4 18. Bxa6 Qa8 19. Bb5 Rc8 20. Re1 Bf8 21. Na2 Rxd4 22. Qxd4 Rxc2 23. Nb4 Rc5 24. Bg3 Qc8 25. f4 Rc1 26. Rxc1 Qxc1+ 27. Kh2 Nc5 28. Nd5 Nxd5 29. Qxd5 Qe3 30. f5 Ne4 31. Qd3 Qxg3+ 32. Qxg3 Nxg3 33. Kxg3 gxf5 34. Bd7 e6 35. Kf3 Kg7 36. g4 Kf6 37. gxf5 Kxf5 38. Bc6 d5 39. Bb5 Ke5 40. Bd3 f5 41. Bb5 Be7 42. Bd3 Bg5 43. Bb5 Kf6 44. Bc6 d4 45. Bb5 e5 46. Bc4 h5 47. Ke2 e4 48. Kd1 d3 49. Bb5 Ke5 50. Bc4 Kd4 51. Bf7 h4 52. Bg6 f4 53. Bf5 Be7 54. Bg4 Bb4 55. Bh5 f3 56. a5 Bxa5 0-1

[Event "Curitiba Sul Region-ch"]
[Site "Curitiba"]
[Date "2017.04.16"]
[Round "5"]
[White "Nemeth Junior, Henrique"]
[Black "Santos, Renan de Souza"]
[Result "1-0"]
[WhiteElo "2014"]
[BlackElo "1576"]
[PlyCount "75"]
[EventDate "2017.04.14"]
[EventType "swiss"]
[EventRounds "6"]
[EventCountry "BRA"]
[SourceTitle "CBM 178 Extra"]
[Source "ChessBase"]
[SourceDate "2017.06.22"]
[SourceVersion "1"]
[SourceVersionDate "2017.06.22"]
[SourceQuality "1"]

1. e4 e6 2. d4 d5 3. Nd2 dxe4 4. Nxe4 Nf6 5. Bg5 Be7 6. Bxf6 Bxf6 7. Nf3 0-0 8. c3 b6 9. Bd3 h6 10. Qc2 Bb7 11. 0-0-0 a5 12. h4 Nd7 13. g4 Be7 14. g5 h5 15. Rhg1 g6 16. Ne5 Nxe5 17. dxe5 Kg7 18. Nf6 c6 19. Bxg6 fxg6 20. Rxd8 Raxd8 21. Qb3 Bc5 22. Qxe6 Bc8 23. Qxc6 Bxf2 24. Rf1 Bxh4 25. Nxh5+ gxh5 26. Qh6+ Kg8 27. Qg6+ Kh8 28. Qxh5+ Kg7 29. Qh6+ Kg8 30. Rxf8+ Rxf8 31. Qxh4 Rf1+ 32. Kd2 Rf5 33. g6 Be6 34. Qh7+ Kf8 35. g7+ Ke8 36. Qxf5 Bxf5 37. g8Q+ Ke7 38. Qg5+ 1-0